LDR 00965naa#a2200181#i#450# 001 RU\\bibl\19449 005 20260516023402.6 100 ## _a20260515b2026####ek#y0rusy0150####ca 102 ## _aRU 200 1# _aК ВОПРОСУ О СПОСОБАХ И ПРИЁМАХ ПОЭТАПНОГО СЕМЕННОГО РАЗМНОЖЕНИЯ СЕМЕЙСТВА СОСНОВЫЕ (PINACEAE) _eСтатья/тезисы конференции 210 1# _aВоронеж _cВоронежский государственный лесотехнический университет имени Г.Ф. Морозова _d2026 215 ## _a6 с. 608 ## _aСтатья/тезисы конференции _2local 675 ## _aУсловия существования растений. 630.181 _z 700 #1 _aДегтярева _gСветлана Ивановна 700 #1 _aДорофеева _gВалентина Дмитриевна 700 #1 _aМедведева _gА. И. 856 4# _abibl.vgltu.ru _u